000 00671nam a2200289Ia 4500
005 20260324144903.0
008 008 260324s9999 xx 000 0 eng d
020 _a9781315129372
037 _aEBOOK
040 _aCRL
040 _beng
040 _cCRL
041 _2eng
041 _aeng
084 _qCRL
100 _aMargaret C. Simms
_91220977
245 0 _aSlipping Through the Cracks
245 0 _bStatus of Black Women
260 _bTaylor and Francis
260 _c1986
365 _a
365 _b230
856 _uhttp://www.taylorfrancis.com/books/9781315129372
942 _cEBOOK
999 _c1828157
_d1828157